[Event "RNCC"]
[Site "?"]
[Date "1977.??.??"]
[Round "1"]
[White "Day, Mike"]
[Black "Brameld, Arthur F"]
[Result "0-1"]
[WhiteElo "1645"]
[BlackElo "2140"]
[PlyCount "79"]
[EventDate "1977.??.??"]
[EventType "simul"]
[EventRounds "7"]

1. e4 c5 2. Nf3 Nc6 3. c3 d5 4. exd5 Qxd5 5. d4 Bf5 6. Bb5 Bg4 7. Nbd2 cxd4 8. Bxc6+ Qxc6 9. Qb3 Bxf3 10. Nxf3 Qe4+ 11. Kf1 dxc3 12. Qb5+ Qc6 13. Qxc6+ bxc6 14. bxc3 e6 15. Be3 Bd6 16. Rb1 Ne7 17. Rb7 O-O 18. Bxa7 Nc8 19. Be3 Rxa2 20. g3 Ne7 21. Kg2 Nd5 22. Bd2 Bc5 23. Rf1 Rc2 24. Rc1 Rxc1 25. Bxc1 Nxc3 26. Rc7 Ne4 27. Be3 Bxe3 28. fxe3 c5 29. Ne5 f6 30. Nd3 Rd8 31. Nxc5 Rd2+ 32. Kf3 Nxc5 33. Rxc5 Rxh2 34. Rc8+ Kf7 35. Rc7+ Kg6 36. Rc6 e5 37. Rc4 h5 38. Rb4 Kf5 39. g4+ hxg4+ 40. Rxg4 0-1

[Event "RNCC"]
[Site "?"]
[Date "1977.??.??"]
[Round "2"]
[White "Brameld, Arthur F"]
[Black "Kane, Ron"]
[Result "1-0"]
[WhiteElo "2140"]
[BlackElo "1680"]
[PlyCount "51"]
[EventDate "1977.??.??"]
[EventType "simul"]
[EventRounds "7"]

1. e4 g6 2. d4 Bg7 3. Nc3 d6 4. f4 e6 5. Nf3 Nd7 6. Be3 Ngf6 7. e5 dxe5 8. fxe5 Nd5 9. Bg5 Ne7 10. Ne4 O-O 11. Qd2 f5 12. exf6 Nxf6 13. Bd3 Nf5 14. c3 Qd5 15. Nxf6+ Bxf6 16. Bxf6 Rxf6 17. Qg5 Kg7 18. O-O Bd7 19. Ne5 h6 20. Qg4 Ne3 21. Rxf6 Nxg4 22. Rxg6+ Kf8 23. Rf1+ Ke7 24. Rf7+ Kd8 25. Rxd7+ Qxd7 26. Nxd7 1-0

[Event "RNCC"]
[Site "?"]
[Date "1977.??.??"]
[Round "4"]
[White "Brameld, Arthur F"]
[Black "Schreiber, Ian"]
[Result "1-0"]
[WhiteElo "2140"]
[BlackElo "1800"]
[PlyCount "51"]
[EventDate "1977.??.??"]
[EventType "simul"]
[EventRounds "7"]

1. e4 e5 2. Nf3 Nc6 3. d4 d5 4. exd5 Qxd5 5. Nc3 Bb4 6. Bd2 Bxc3 7. Bxc3 e4 8. Ne5 Nxe5 9. dxe5 Qxd1+ 10. Rxd1 Be6 11. Rd4 Bxa2 12. b3 Bb1 13. Kd2 f5 14. Bc4 c5 15. Bb5+ Ke7 16. Rd7+ Ke6 17. Rd6+ Ke7 18. Rxb1 a6 19. Bc4 Nf6 20. exf6+ Kxd6 21. fxg7 Rhd8 22. Bf6 Rdc8 23. Ke3 b5 24. Rd1+ Kc7 25. Be5+ Kb6 26. Bd5 1-0

[Event "RNCC"]
[Site "?"]
[Date "1977.??.??"]
[Round "6"]
[White "Brameld, Arthur F"]
[Black "Brokenshire, Laurie P"]
[Result "1-0"]
[WhiteElo "2140"]
[BlackElo "1800"]
[PlyCount "73"]
[EventDate "1977.??.??"]
[EventType "simul"]
[EventRounds "7"]

1. e4 e5 2. Nf3 Nc6 3. d4 exd4 4. c3 dxc3 5. Bc4 Na5 6. Bxf7+ Kxf7 7. Qd5+ Ke8 8. Qxa5 Qe7 9. Nxc3 Qc5 10. Qxc5 Bxc5 11. Nd5 Bb6 12. Be3 Ne7 13. Nd4 Nxd5 14. exd5 Bxd4 15. Bxd4 Kf7 16. O-O Re8 17. Rfe1 g6 18. Rxe8 Kxe8 19. Rc1 c6 20. d6 b6 21. Re1+ Kf8 22. Re7 c5 23. Bg7+ Kg8 24. Bh6 a5 25. Rg7+ Kh8 26. Rf7 Ba6 27. Rxd7 Re8 28. h4 Bc8 29. Rc7 Rd8 30. d7 Bxd7 31. Bg5 Re8 32. Rxd7 Re1+ 33. Kh2 Re6 34. Bh6 Kg8 35. Rg7+ Kh8 36. Rf7 Re8 37. Rb7 1-0

[Event "RNCC"]
[Site "?"]
[Date "1977.??.??"]
[Round "7"]
[White "Jolly, Barry"]
[Black "Brameld, Arthur F"]
[Result "0-1"]
[WhiteElo "1685"]
[BlackElo "2140"]
[PlyCount "48"]
[EventDate "1977.??.??"]
[EventType "simul"]
[EventRounds "7"]

1. d4 Nf6 2. c4 c5 3. d5 e5 4. Nc3 d6 5. e4 Be7 6. f4 exf4 7. Bxf4 O-O 8. Be2 Re8 9. e5 dxe5 10. Bxe5 Ng4 11. Bxg4 Bh4+ 12. g3 Rxe5+ 13. Be2 Bf6 14. Qc2 Bf5 15. Qd2 Bg5 16. Qd1 Bg4 17. h3 Bh5 18. Qd3 Re3 19. Qf5 Bg6 20. Qf2 Qb6 21. Nd1 Re8 22. Nf3 Bd3 23. Nc3 Qxb2 24. O-O Be3 0-1

[Event "FareCh"]
[Site "?"]
[Date "1977.??.??"]
[Round "?"]
[White "De Buriatte, Tim"]
[Black "Brameld, Arthur F"]
[Result "0-1"]
[WhiteElo "1735"]
[BlackElo "2140"]
[PlyCount "73"]
[EventDate "1977.??.??"]
[EventType "simul"]
[EventRounds "6"]

1. Nf3 f5 2. d4 Nf6 3. c4 d6 4. Nc3 c6 5. g3 Qc7 6. Bg2 e5 7. dxe5 dxe5 8. O-O Bb4 9. Qb3 a5 10. a3 Bc5 11. Bg5 Be6 12. Nxe5 Qxe5 13. Bf4 Qd4 14. Qxb7 O-O 15. Qxa8 Nfd7 16. Qxa5 Bb6 17. Qa4 Nc5 18. Qc2 Qxc4 19. Bxb8 Rxb8 20. Qc1 Bc7 21. Qg5 Rf8 22. Rad1 f4 23. Bxc6 fxg3 24. hxg3 Rf5 25. Qe7 Rf7 26. Qh4 Qxh4 27. gxh4 Rf4 28. f3 Rxh4 29. Bd5 Kf7 30. Bxe6+ Kxe6 31. Rf2 Nb3 32. Rg2 Bb6+ 33. e3 Bxe3+ 34. Kf1 Nd4 35. Rxd4 Bxd4 36. Re2+ Kf5 37. Re4 0-1

[Event "CivServ"]
[Site "?"]
[Date "1977.??.??"]
[Round "?"]
[White "Broome, W."]
[Black "Brameld, Arthur F"]
[Result "0-1"]
[WhiteElo "2045"]
[BlackElo "2140"]
[PlyCount "28"]
[EventDate "1977.??.??"]
[EventType "simul"]
[EventRounds "3"]

1. e4 Nf6 2. Nc3 d5 3. e5 Ne4 4. Nxe4 dxe4 5. d3 Bf5 6. g4 Bg6 7. Bg2 Nc6 8. e6 exd3 9. cxd3 Qxd3 10. exf7+ Kxf7 11. Bf4 Nb4 12. Rc1 Rd8 13. Ne2 Qxd1+ 14. Rxd1 Nc2+ 0-1

[Event "BrChQual"]
[Site "?"]
[Date "1977.??.??"]
[Round "?"]
[White "Cummings, David H"]
[Black "Brameld, Arthur F"]
[Result "1-0"]
[WhiteElo "2120"]
[BlackElo "2140"]
[PlyCount "73"]
[EventDate "1977.??.??"]
[EventType "simul"]
[EventRounds "11"]

1. d4 Nf6 2. Nc3 e6 3. e4 Bb4 4. Bg5 h6 5. Bxf6 Qxf6 6. Nf3 b6 7. Bd3 Bb7 8. O-O Bxc3 9. bxc3 O-O 10. Qe2 d6 11. Qe3 e5 12. Nd2 Nc6 13. Nb3 g5 14. g3 Ne7 15. f4 exf4 16. gxf4 Ng6 17. fxg5 Qxg5+ 18. Qg3 Rae8 19. Rae1 f5 20. exf5 Nf4 21. Qxg5+ hxg5 22. Bc4+ Kg7 23. h4 Rxe1 24. Rxe1 Kf6 25. hxg5+ Kxg5 26. Re7 b5 27. Bxb5 Nd5 28. Rg7+ Kf6 29. Rg6+ Kxf5 30. Bd3+ Kf4 31. c4 Ne3 32. Nc1 Bf3 33. Rg7 Rh8 34. Rf7+ Kg4 35. Rg7+ Kf4 36. Bh7 Rb8 37. Nd3# 1-0

[Event "Social"]
[Site "?"]
[Date "1977.??.??"]
[Round "?"]
[White "Carter, Anthony FC"]
[Black "Brameld, Arthur F"]
[Result "0-1"]
[WhiteElo "2140"]
[BlackElo "2125"]
[PlyCount "62"]
[EventDate "1977.??.??"]
[EventType "game"]

1. e4 Nf6 2. e5 Nd5 3. d4 d6 4. exd6 cxd6 5. Nf3 g6 6. c4 Nb6 7. Nc3 Bg7 8. Be2 O-O 9. O-O Bg4 10. b3 Nc6 11. Be3 d5 12. c5 Nc8 13. h3 Bxf3 14. Bxf3 e6 15. Qd2 N8e7 16. g4 e5 17. Ne2 f5 18. Bh6 Bxh6 19. Qxh6 fxg4 20. Bxg4 Nf5 21. Bxf5 Rxf5 22. Rad1 Qf6 23. dxe5 Nxe5 24. Ng3 Rf4 25. Ne2 Rh4 26. Qe3 Re4 27. Qc3 Rxe2 28. f4 Rd8 29. Kh1 d4 30. Rxd4 Rxd4 31. Qxd4 Qc6+ 0-1

[Event "Simul"]
[Site "?"]
[Date "1977.??.??"]
[Round "?"]
[White "Coppin, Brian"]
[Black "Brameld, Arthur F"]
[Result "1/2-1/2"]
[WhiteElo "1680"]
[BlackElo "2125"]
[PlyCount "87"]
[EventDate "1977.??.??"]
[EventType "simul"]
[EventRounds "2"]

1. e4 Nf6 2. Nc3 d5 3. e5 Ne4 4. Nxe4 dxe4 5. d4 exd3 6. Bxd3 g6 7. Nf3 Bg7 8. O-O Bg4 9. Bf4 Nc6 10. Re1 O-O 11. Qe2 Nd4 12. Qe4 Bxf3 13. gxf3 c6 14. Rad1 Ne6 15. Bc1 Qa5 16. a3 Rad8 17. c3 Rd5 18. f4 Rfd8 19. Qf3 Bh6 20. Qg3 a6 21. Bc2 R8d7 22. Rxd5 Rxd5 23. f5 Nd4 24. Be4 Ne2+ 25. Rxe2 Rd1+ 26. Kg2 Rxc1 27. b4 Qb5 28. Bd3 Qd5+ 29. Kh3 Bf4 30. Qxf4 Qxd3+ 31. Re3 Qxf5+ 32. Qxf5 gxf5 33. f4 Rf1 34. Kg3 e6 35. c4 b6 36. Rb3 Kg7 37. b5 axb5 38. cxb5 cxb5 39. Rxb5 Ra1 40. Rxb6 Rxa3+ 41. Kg2 Ra2+ 42. Kg3 Ra1 43. Kh4 Rf1 44. Rb4 1/2-1/2

[Event "Fare Summer Tourney"]
[Site "?"]
[Date "1977.??.??"]
[Round "?"]
[White "Brameld, Arthur F"]
[Black "Silber, Warwick"]
[Result "1-0"]
[WhiteElo "2125"]
[BlackElo "1830"]
[PlyCount "67"]
[EventDate "1977.??.??"]
[EventType "tourn"]
[EventRounds "2"]

1. d4 d5 2. Nf3 Nf6 3. c4 dxc4 4. e3 e6 5. Bxc4 c5 6. O-O Be7 7. Nc3 O-O 8. Re1 Nc6 9. e4 cxd4 10. e5 Nd7 11. Nb5 Qa5 12. Bf4 Nb6 13. Bd3 Nd5 14. Bd2 Bb4 15. Bxh7+ Kxh7 16. Ng5+ Kg6 17. Qg4 f5 18. exf6 Nxf6 19. Qg3 Bxd2 20. Nxe6+ Kh5 21. Qh3+ Kg6 22. Nxf8+ Kf7 23. Nd6+ Kg8 24. Nxc8 Bxe1 25. Ng6 Qd2 26. Qe6+ Kh7 27. Nf8+ Kh6 28. Rxe1 Rxc8 29. Qh3+ Kg5 30. f4+ Qxf4 31. Ne6+ Kg6 32. Nxf4+ Kf7 33. Qe6+ Kf8 34. Ng6# 1-0

[Event "Simul"]
[Site "?"]
[Date "1977.??.??"]
[Round "?"]
[White "Golombek, Harry"]
[Black "Brameld, Arthur F"]
[Result "0-1"]
[WhiteElo "2360"]
[BlackElo "2125"]
[PlyCount "56"]
[EventDate "1977.??.??"]
[EventType "simul"]
[EventRounds "2"]

1. e4 Nf6 2. e5 Nd5 3. Nf3 d6 4. d4 g6 5. c4 Nb6 6. Nc3 Bg7 7. exd6 cxd6 8. Be2 O-O 9. O-O Nc6 10. Be3 Bg4 11. b3 d5 12. c5 Nc8 13. h3 Bxf3 14. Bxf3 e6 15. a3 N8e7 16. b4 Nf5 17. Ne2 Qh4 18. Bg4 Nxe3 19. fxe3 a6 20. Nf4 e5 21. dxe5 Nxe5 22. Nxd5 Nxg4 23. hxg4 Be5 24. Rf4 Rad8 25. Rc1 Bxf4 26. exf4 Qg3 27. Rc4 Rfe8 28. Ne7+ Kf8 0-1

[Event "Fare Summer Tourney"]
[Site "?"]
[Date "1977.??.??"]
[Round "?"]
[White "Brameld, Arthur F"]
[Black "Street, Martin"]
[Result "1/2-1/2"]
[WhiteElo "2125"]
[BlackElo "1830"]
[PlyCount "72"]
[EventDate "1977.??.??"]
[EventType "tourn"]
[EventRounds "2"]

1. g3 Nf6 2. Bg2 e6 3. c4 d5 4. d4 c5 5. cxd5 exd5 6. Bg5 Nbd7 7. Nc3 Be7 8. Nf3 O-O 9. O-O h6 10. Bf4 Nb6 11. Nb5 Bf5 12. dxc5 Bxc5 13. Rc1 Ne4 14. Nh4 Nxf2 15. Rxf2 Bxf2+ 16. Kxf2 Bd7 17. Bc7 Qf6+ 18. Nf3 Bxb5 19. Be5 Qf5 20. Qd4 f6 21. Bf4 Rfe8 22. Qb4 Rxe2+ 23. Kg1 Qd3 24. Nd4 Rxg2+ 25. Kxg2 Ba6 26. Re1 Rc8 27. Nf3 Rc2+ 28. Nd2 Nc4 29. Bxh6 Nxd2 30. Re8+ Kh7 31. Rh8+ Kg6 32. Qg4+ Kf7 33. Qd7+ Kg6 34. Qg4+ Kf7 35. Qd7+ Kg6 36. Qg4+ Kf7 1/2-1/2

[Event "BrChQual"]
[Site "?"]
[Date "1977.??.??"]
[Round "?"]
[White "Field, F."]
[Black "Brameld, Arthur F"]
[Result "0-1"]
[WhiteElo "1805"]
[BlackElo "2125"]
[PlyCount "58"]
[EventDate "1977.??.??"]
[EventType "simul"]
[EventRounds "11"]

1. e4 Nf6 2. e5 Nd5 3. c4 Nb6 4. d4 d6 5. f4 g5 6. Nf3 g4 7. Ng5 h6 8. Ne4 f5 9. exf6 exf6 10. Bd3 f5 11. Ng3 Qf6 12. Nc3 Kf7 13. c5 dxc5 14. Qb3+ Kg6 15. Nce4 Qxd4 16. Bd2 c4 17. Qd1 cxd3 18. h3 fxe4 19. f5+ Kh7 20. hxg4 e3 21. Bc3 Bb4 22. Ne2 Bxc3+ 23. bxc3 d2+ 24. Kf1 Qxg4 25. Qb3 Qxf5+ 26. Kg1 Be6 27. c4 Qf2+ 28. Kh2 Rg8 29. Qd3+ Bf5 0-1

[Event "Ports Lge"]
[Site "?"]
[Date "1977.??.??"]
[Round "?"]
[White "Bryan, Colin"]
[Black "Brameld, Arthur F"]
[Result "0-1"]
[WhiteElo "1845"]
[BlackElo "2125"]
[PlyCount "60"]
[EventDate "1977.??.??"]
[EventType "swiss"]

1. d4 Nf6 2. Bg5 c5 3. d5 Ne4 4. Bf4 Qb6 5. Qc1 Nf6 6. Nc3 g6 7. Rb1 Bg7 8. Nf3 d6 9. Bh6 Bxh6 10. Qxh6 Bf5 11. Qd2 Na6 12. Nh4 Ne4 13. Nxe4 Bxe4 14. a3 Nc7 15. e3 Bxd5 16. Be2 O-O 17. O-O Ba2 18. Ra1 Qxb2 19. Qa5 b6 20. Qa4 Bd5 21. Qd7 Qf6 22. Qxc7 Qxh4 23. c4 Be4 24. f3 Rfc8 25. Qd7 Bc6 26. Qg4 Qxg4 27. fxg4 Rab8 28. g5 b5 29. Rf4 bxc4 30. Bxc4 d5 0-1

[Event "NatClub"]
[Site "?"]
[Date "1977.??.??"]
[Round "?"]
[White "Lambert, Glen"]
[Black "Brameld, Arthur F"]
[Result "1/2-1/2"]
[WhiteElo "2180"]
[BlackElo "2125"]
[PlyCount "56"]
[EventDate "1977.??.??"]
[EventType "game"]

1. d4 Nf6 2. c4 g6 3. Nc3 d5 4. Nf3 Bg7 5. Bg5 Ne4 6. Bh4 Nxc3 7. bxc3 c5 8. cxd5 Qxd5 9. e3 cxd4 10. cxd4 Nc6 11. Be2 Qa5+ 12. Qd2 Qxd2+ 13. Kxd2 O-O 14. Rab1 b6 15. Rhc1 Bf5 16. Bd3 Bxd3 17. Kxd3 Rac8 18. Ke2 Rfd8 19. Rc2 Na5 20. Rbc1 Rxc2+ 21. Rxc2 Rd7 22. Rc8+ Bf8 23. Ne5 Rb7 24. Bg5 Kg7 25. Ng4 h5 26. Bh6+ Kh7 27. Rxf8 hxg4 28. Bf4 Kg7 1/2-1/2

[Event "FareCh"]
[Site "?"]
[Date "1977.??.??"]
[Round "?"]
[White "Brameld, Arthur F"]
[Black "Burstow, R."]
[Result "1-0"]
[WhiteElo "2125"]
[BlackElo "2720"]
[PlyCount "73"]
[EventDate "1977.??.??"]
[EventType "simul"]
[EventRounds "6"]

1. e4 e5 2. Nf3 Nc6 3. d4 exd4 4. c3 dxc3 5. Bc4 f6 6. Nxc3 Bb4 7. O-O Bxc3 8. Qd5 Qe7 9. bxc3 d6 10. Ba3 Bd7 11. Rab1 Rb8 12. Rfe1 b6 13. Bb5 Ne5 14. Nd4 Bxb5 15. Nxb5 Nf7 16. Nd4 Rc8 17. Nf5 Qe5 18. Nxg7+ Kf8 19. Ne6+ Ke7 20. Nd4 Qxd5 21. exd5+ Ne5 22. f4 Kd7 23. fxe5 fxe5 24. Nc6 Ne7 25. Nxe7 Kxe7 26. Rxe5+ Kd7 27. Rf5 Rhf8 28. Rbf1 Rxf5 29. Rxf5 Re8 30. Kf2 Re5 31. Rxe5 dxe5 32. g4 c5 33. dxc6+ Kxc6 34. g5 Kd5 35. Ke3 Kc4 36. h4 Kxc3 37. h5 1-0

[Event "Navy"]
[Site "?"]
[Date "1977.??.??"]
[Round "?"]
[White "Thompson, Marshall"]
[Black "Brameld, Arthur F"]
[Result "1/2-1/2"]
[WhiteElo "2095"]
[BlackElo "2125"]
[PlyCount "54"]
[EventDate "1977.??.??"]
[EventType "game"]

1. e4 Nf6 2. e5 Nd5 3. Nc3 Nxc3 4. bxc3 d5 5. d4 c5 6. Nf3 Nc6 7. Be2 Bf5 8. O-O e6 9. Rb1 Qc7 10. Nh4 Be4 11. f3 Bg6 12. Nxg6 hxg6 13. f4 cxd4 14. cxd4 Nxd4 15. Be3 Nf5 16. Bb5+ Kd8 17. Bf2 Bc5 18. c4 Ne3 19. Bxe3 Bxe3+ 20. Kh1 d4 21. Qf3 Rb8 22. Rfd1 Ke7 23. h3 Rh4 24. Qg3 Rxf4 25. Rxd4 Rxd4 26. Qxe3 Rbd8 27. Qa3+ R8d6 1/2-1/2

[Event "Ports Lge"]
[Site "?"]
[Date "1977.??.??"]
[Round "?"]
[White "Brameld, Arthur F"]
[Black "Gregory, Keith DF"]
[Result "1-0"]
[WhiteElo "2125"]
[BlackElo "2085"]
[PlyCount "62"]
[EventDate "1977.??.??"]
[EventType "swiss"]

1. e4 d6 2. d4 Nf6 3. Nc3 g6 4. f4 Bg7 5. Bd3 O-O 6. Nf3 Bg4 7. h3 Bxf3 8. Qxf3 Nc6 9. Be3 Nd7 10. e5 Nb4 11. Be4 f5 12. exf6 Nxf6 13. a3 Nxe4 14. Qxe4 Nc6 15. O-O-O Qd7 16. g4 e6 17. h4 d5 18. Qd3 Na5 19. h5 Qf7 20. hxg6 hxg6 21. Rdf1 Nc4 22. f5 Nxe3 23. Qxe3 c6 24. Qh3 Bxd4 25. f6 Bxf6 26. Rxf6 Qg7 27. Rxe6 Rf2 28. Qd3 Rf6 29. Rhe1 Raf8 30. g5 Rxe6 31. Rxe6 Kh7 1-0

[Event "FareCh"]
[Site "?"]
[Date "1977.??.??"]
[Round "?"]
[White "Vail, D."]
[Black "Brameld, Arthur F"]
[Result "0-1"]
[WhiteElo "2800"]
[BlackElo "2125"]
[PlyCount "45"]
[EventDate "1977.??.??"]
[EventType "simul"]
[EventRounds "6"]

1. e4 Nf6 2. e5 Nd5 3. d4 d6 4. Nf3 g6 5. Bg5 Bg7 6. Bc4 Nb6 7. Bb3 O-O 8. Qd2 Nc6 9. exd6 Qxd6 10. O-O Bg4 11. Bf4 Qd7 12. Ne5 Nxe5 13. Bxe5 Bxe5 14. dxe5 Rad8 15. Qxd7 Nxd7 16. Re1 Nc5 17. Bc4 Rd4 18. Na3 Rfd8 19. h3 Bf5 20. Be2 c6 21. Rad1 Na4 22. Rxd4 Rxd4 23. Rb1 0-1

[Event "BrChQual"]
[Site "?"]
[Date "1977.??.??"]
[Round "?"]
[White "Brameld, Arthur F"]
[Black "Rice, C."]
[Result "1/2-1/2"]
[WhiteElo "2125"]
[BlackElo "1780"]
[PlyCount "55"]
[EventDate "1977.??.??"]
[EventType "simul"]
[EventRounds "11"]

1. e4 Nc6 2. d4 d5 3. e5 Bf5 4. c3 e6 5. Be2 Qd7 6. h4 h6 7. g4 Bh7 8. Bf4 O-O-O 9. Nd2 Kb8 10. b4 f6 11. Ngf3 fxe5 12. b5 exf4 13. bxc6 Qxc6 14. Ne5 Qe8 15. Qb3 Ka8 16. O-O Bd6 17. Rfb1 Bxb1 18. Rxb1 Rb8 19. Ndf3 Nf6 20. Bd3 c6 21. a4 Nd7 22. a5 Bxe5 23. Nxe5 Nxe5 24. dxe5 g5 25. h5 Qd7 26. Qa4 Rhd8 27. Rb6 Rbc8 28. a6 1/2-1/2

[Event "Ports Lge"]
[Site "?"]
[Date "1977.??.??"]
[Round "?"]
[White "Wheeler, John F"]
[Black "Brameld, Arthur F"]
[Result "0-1"]
[WhiteElo "2085"]
[BlackElo "2125"]
[PlyCount "26"]
[EventDate "1977.??.??"]
[EventType "swiss"]

1. d4 Nf6 2. c4 e6 3. Nc3 Bb4 4. e3 b6 5. Bd3 Bb7 6. Nf3 Ne4 7. Qc2 f5 8. O-O Bxc3 9. bxc3 O-O 10. Nd2 Nxd2 11. Bxd2 Qh4 12. g3 Qg4 13. Rae1 Bf3 0-1

[Event "IntService"]
[Site "?"]
[Date "1977.??.??"]
[Round "?"]
[White "Turner, Anthony"]
[Black "Brameld, Arthur F"]
[Result "0-1"]
[WhiteElo "2040"]
[BlackElo "2125"]
[PlyCount "110"]
[EventDate "1977.??.??"]
[EventType "simul"]
[EventRounds "2"]

1. d4 Nf6 2. f3 d5 3. Nc3 Bf5 4. e4 dxe4 5. fxe4 Nxe4 6. Qf3 Nxc3 7. bxc3 Qc8 8. Bb5+ c6 9. Ba4 Qe6+ 10. Be3 Be4 11. Qe2 Bxg2 12. Qxg2 Qxe3+ 13. Ne2 e6 14. Rd1 Be7 15. Rd3 Bh4+ 16. Kd1 Qg5 17. Qe4 Qd5 18. Qxd5 exd5 19. Re3+ Kd8 20. Rh3 Bf6 21. Ng3 g6 22. Rf1 Nd7 23. Ne2 a5 24. c4 dxc4 25. d5 b5 26. dxc6 bxa4 27. cxd7 Ra6 28. Rhf3 Rd6+ 29. Ke1 Bh4+ 30. Ng3 f5 31. Kf2 Rd2+ 32. Kg1 Kxd7 33. Rf4 Bxg3 34. hxg3 Re8 35. Rxc4 Ree2 36. Rb1 Rxc2 37. Rxa4 Rxa2 38. Rxa2 Rxa2 39. Rb7+ Ke6 40. Rxh7 a4 41. Rg7 Kf6 42. Ra7 a3 43. Ra6+ Kg5 44. Ra4 Kf6 45. Kf1 Ke5 46. Ke1 g5 47. Kd1 f4 48. gxf4+ gxf4 49. Kc1 Kf5 50. Kb1 Rb2+ 51. Kc1 Rb3 52. Kc2 Re3 53. Kd2 Kg4 54. Ra8 Kf3 55. Kd1 Kf2 0-1

[Event "Fare Summer Tourney"]
[Site "?"]
[Date "1977.??.??"]
[Round "?"]
[White "Street, Martin"]
[Black "Brameld, Arthur F"]
[Result "1-0"]
[WhiteElo "1830"]
[BlackElo "2125"]
[PlyCount "117"]
[EventDate "1977.??.??"]
[EventType "tourn"]
[EventRounds "2"]

1. d4 d5 2. c4 c6 3. Nc3 Nf6 4. cxd5 cxd5 5. Nf3 e6 6. Bg5 h6 7. Bh4 Bb4 8. Rc1 Nbd7 9. e3 Qa5 10. Bd3 Qxa2 11. Qe2 Bxc3+ 12. Rxc3 Qa1+ 13. Qd1 Qxd1+ 14. Kxd1 a6 15. Ke2 b5 16. Rhc1 Nb6 17. Ne5 O-O 18. b3 Bb7 19. Rc7 Rab8 20. f3 Ne8 21. Re7 Nd6 22. Bg3 Rfc8 23. Rxc8+ Nbxc8 24. Rd7 Kf8 25. Nxf7 Bc6 26. Bxd6+ Nxd6 27. Rxd6 Be8 28. Rd8 Rxd8 29. Nxd8 Ke7 30. Nb7 Bc6 31. Na5 Ba8 32. b4 Kd6 33. f4 Bc6 34. Bg6 Bd7 35. Kf3 Ke7 36. g4 Kf6 37. Bd3 g5 38. Nb3 Bc8 39. Nc5 Ke7 40. Kg3 Kf6 41. h4 gxf4+ 42. exf4 Kg7 43. h5 Kf6 44. Kh4 Kg7 45. g5 a5 46. bxa5 b4 47. a6 Bxa6 48. Bxa6 e5 49. fxe5 hxg5+ 50. Kxg5 Kf7 51. Bb7 Kg7 52. Bxd5 Kh7 53. h6 Kh8 54. Be6 Kh7 55. d5 Kh8 56. d6 Kh7 57. Ne4 Kh8 58. d7 Kh7 59. d8=R 1-0

[Event "BrChQual"]
[Site "?"]
[Date "1977.??.??"]
[Round "?"]
[White "Cheal, B."]
[Black "Brameld, Arthur F"]
[Result "1-0"]
[WhiteElo "2040"]
[BlackElo "2125"]
[PlyCount "133"]
[EventDate "1977.??.??"]
[EventType "simul"]
[EventRounds "11"]

1. d4 Nf6 2. c4 e6 3. Nc3 Bb4 4. a3 Bxc3+ 5. bxc3 Ne4 6. Qc2 f5 7. Nf3 b6 8. e3 O-O 9. Bd3 Bb7 10. O-O d6 11. Nd2 Nxd2 12. Qxd2 Nd7 13. f3 e5 14. e4 fxe4 15. fxe4 Rxf1+ 16. Kxf1 Qh4 17. g3 Rf8+ 18. Kg1 Qg4 19. Qe2 Qxe2 20. Bxe2 Bxe4 21. Be3 Bf3 22. Bd3 Bg4 23. Re1 Re8 24. Kf2 c5 25. d5 Rf8+ 26. Kg2 h6 27. h3 Bf5 28. Bf1 g5 29. h4 gxh4 30. Bxh6 h3+ 31. Kh2 Rf7 32. Bg5 Nf8 33. Bxh3 Bd3 34. Be6 Nxe6 35. dxe6 Rh7+ 36. Bh4 Bxc4 37. e7 Kf7 38. Re4 Be6 39. Re2 Rxh4+ 40. gxh4 Kxe7 41. Kg3 Bc4 42. Re3 Kf6 43. Rf3+ Kg6 44. Rf8 d5 45. Ra8 a5 46. a4 d4 47. cxd4 cxd4 48. Rb8 d3 49. Rxb6+ Kh5 50. Rd6 e4 51. Kf4 Bb3 52. Kxe4 Bxa4 53. Kxd3 Bb3 54. Rb6 a4 55. Rb4 Bd1 56. Ke3 Bc2 57. Rb2 Bb3 58. Kf4 Bc4 59. Rb4 Bb3 60. Rb8 Bc2 61. Rh8+ Kg6 62. h5+ Kg7 63. Rc8 Bb3 64. Kg5 a3 65. h6+ Kh7 66. Rc7+ Kh8 67. Kg6 1-0

[Event "Ports Lge"]
[Site "?"]
[Date "1977.??.??"]
[Round "?"]
[White "Brameld, Arthur F"]
[Black "Stenhouse, Ian"]
[Result "0-1"]
[WhiteElo "2125"]
[BlackElo "1900"]
[PlyCount "60"]
[EventDate "1977.??.??"]
[EventType "swiss"]

1. d4 Nf6 2. Bg5 d5 3. Bxf6 exf6 4. e3 Bd6 5. Bd3 O-O 6. Nd2 c6 7. c3 f5 8. Qf3 Qf6 9. Ne2 Re8 10. O-O-O Be6 11. Ng3 g6 12. e4 dxe4 13. Ndxe4 Qd8 14. Nxd6 Qxd6 15. Rde1 Nd7 16. h4 Bxa2 17. h5 Bd5 18. Nxf5 gxf5 19. Qxf5 Qh6+ 20. Kc2 Be6 21. Qf3 Kh8 22. g4 Rg8 23. Rhg1 Nf6 24. Bf5 Bxf5+ 25. Qxf5 Rg5 26. Qf4 Qg7 27. Rg3 Nd5 28. Qe4 Rg8 29. Reg1 Qf6 30. Rf3 Qe6 0-1

[Event "IntService"]
[Site "?"]
[Date "1977.??.??"]
[Round "?"]
[White "Brameld, Arthur F"]
[Black "Jones, Steve"]
[Result "1-0"]
[WhiteElo "2125"]
[BlackElo "2040"]
[PlyCount "37"]
[EventDate "1977.??.??"]
[EventType "simul"]
[EventRounds "2"]

1. e4 e5 2. Nf3 Nc6 3. d4 exd4 4. c3 dxc3 5. Bc4 c2 6. Qxc2 Bb4+ 7. Nc3 Qf6 8. Bg5 Nd4 9. Nxd4 Qxd4 10. Qb3 Bxc3+ 11. bxc3 Qxe4+ 12. Kf1 Qg6 13. Re1+ Kf8 14. Bd8 c5 15. Qd1 b5 16. Qe2 f5 17. Be7+ Ke8 18. Bxg8 Rxg8 19. Bf6+ 1-0

[Event "BrChQual"]
[Site "?"]
[Date "1977.??.??"]
[Round "?"]
[White "Brameld, Arthur F"]
[Black "Flear, Glen"]
[Result "0-1"]
[WhiteElo "2125"]
[BlackElo "2080"]
[PlyCount "160"]
[EventDate "1977.??.??"]
[EventType "simul"]
[EventRounds "11"]

1. e4 e5 2. Nf3 Nc6 3. d4 exd4 4. c3 d5 5. exd5 Qxd5 6. cxd4 Bg4 7. Be2 O-O-O 8. Be3 Nge7 9. Nc3 Qa5 10. h3 Bh5 11. a3 Nd5 12. Bd2 Nxc3 13. bxc3 Qd5 14. O-O Be7 15. Rb1 Bg6 16. Rb5 Qa2 17. Qa4 Qxa3 18. Qxa3 Bxa3 19. d5 Nb8 20. Ra5 Be7 21. Nd4 h5 22. Rxa7 Bc5 23. Ra8 Rxd5 24. Bf3 Rd6 25. Nb3 Bb6 26. c4 Rd3 27. c5 Rxb3 28. cxb6 Rxb6 29. Be3 Ra6 30. Ba7 Rxa7 31. Rxa7 c6 32. Rd1 Kc7 33. Ra2 Bf5 34. Ra5 g6 35. Rd2 Be6 36. Ra8 Rc8 37. Rb2 Na6 38. Ra7 Nc5 39. Rc2 Kd6 40. Ra1 Nb3 41. Rd1+ Kc7 42. Be2 Rd8 43. Rxd8 Kxd8 44. Bc4 Nd4 45. Bxe6 Nxe6 46. f3 Kc7 47. Kf2 b5 48. g4 h4 49. Ke3 c5 50. f4 Kc6 51. f5 gxf5 52. gxf5 Nd4 53. Rf2 Kd5 54. f6 b4 55. Rg2 Kc4 56. Rg7 b3 57. Rxf7 b2 58. Rb7 Nb3 59. Rxb3 Kxb3 60. f7 b1=Q 61. f8=Q Qe1+ 62. Kd3 Qc3+ 63. Ke2 Qe5+ 64. Kd1 c4 65. Qf3+ c3 66. Qb7+ Kc4 67. Qc6+ Kd4 68. Qb6+ Ke4 69. Qb4+ Kd3 70. Qb1+ Kc4 71. Qa2+ Kb4 72. Qb1+ Kc5 73. Qd3 Qd4 74. Qxd4+ Kxd4 75. Kc2 Kc4 76. Kc1 Kd3 77. Kd1 Ke3 78. Kc2 Kf3 79. Kxc3 Kg3 80. Kd2 Kxh3 0-1

[Event "Ports Lge"]
[Site "?"]
[Date "1977.??.??"]
[Round "?"]
[White "Brameld, Arthur F"]
[Black "Littlewood, Paul"]
[Result "1-0"]
[Annotator "Arthur F Brameld"]
[WhiteElo "2125"]
[BlackElo "2390"]
[PlyCount "60"]
[EventDate "1977.??.??"]
[EventType "swiss"]

1. e4 c5 2. Nf3 Nc6 3. d4 cxd4 4. Nxd4 Nf6 5. Nc3 e5 6. Ndb5 d6 7. Bg5 a6 8. Bxf6 gxf6 9. Na3 b5 10. Nd5 f5 11. Bd3 Be6 12. c4 bxc4 13. Nxc4 Bxd5 14. exd5 Nd4 15. Qa4+ Ke7 16. O-O Bg7 17. Rfe1 Rg8 18. Nxe5 dxe5 19. Qxd4 e4 20. Qc5+ Qd6 21. Qa5 Be5 22. Rac1 Rgd8 23. Rc6 Bxh2+ 24. Kh1 Qb8 25. Qa3+ Bd6 26. Qc3 f6 27. f3 Be5 28. Qc5+ Bd6 29. Qc4 Kf8 30. fxe4 Qxb2 {At this point, Paul resigned which, at the time, I thought was a bit premature.  On closer inspection however, it would appear that he was quite right !!} (30... Qxb2 31. exf5 Qf2 32. Re6 Qg3 33. Kg1 Qh2+ 34. Kf1 Be5 35. Rxf6+ Bxf6 36. Rxf6+ Ke7 (36... Kg7 37. Qd4 Kg8 38. d6 Rac8 39. Bc4+ Rxc4 40. Qxc4+ Kh8 41. Qd4 Kg8 42. d7 Qh1+ 43. Kf2 Qc1 44. Qd5+ Kh8 45. Qe5) 37. Re6+ Kf8 38. Qd4 Qg3 39. d6 Qg7 40. f6) 1-0